000
00324nam a2200133Ia 4500
008
240624s9999 xx 000 0 und d
041
_a
eng
082
_a
823 ROY
100
_a
ROY ARUNDHATI
245
_a
GOD OF SMALL THINGS
260
_c
2002
_a
New Delhi
_b
Penguin Books
300
_a
339 : p. : cm. ; 21
365
_c
RS
_b
30
999
_c
12511
_d
12511